[Event "CZE-chTW U20 0910"]
[Site "Czech Republic"]
[Date "2009.10.03"]
[Round "1.6"]
[White "Toman, Ondrej"]
[Black "Nemcova, Eva"]
[Result "1-0"]
[WhiteElo "1808"]
[BlackElo "1100"]
[PlyCount "57"]
[EventDate "2009.10.03"]
[EventType "team-tourn"]
[EventRounds "7"]
[EventCountry "CZE"]
[SourceTitle "EXT 2011"]
[Source "ChessBase"]
[SourceDate "2010.11.26"]
[SourceVersion "1"]
[SourceVersionDate "2010.11.26"]
[SourceQuality "1"]
[WhiteTeam "Udlice (U20)"]
[BlackTeam "Praha Oaza (U20)"]
[WhiteTeamCountry "CZE"]
[BlackTeamCountry "CZE"]

1. e4 e5 2. Nf3 Nc6 3. d4 exd4 4. Nxd4 Qf6 5. Be3 Bc5 6. c3 Nge7 7. Qd2 h6 8. Nb5 Bb6 9. Bxb6 0-0 10. Bd4 Qg6 11. f3 d5 12. Bd3 Bd7 13. exd5 Bf5 14. Bxf5 Qh5 15. dxc6 Qxf5 16. cxb7 Rab8 17. N5a3 Rxb7 18. 0-0 c5 19. Bf2 Rd7 20. Qc2 Qg5 21. Nc4 Ng6 22. Be3 Qh5 23. Nba3 Rfd8 24. Rad1 Nh4 25. Rxd7 Rxd7 26. Rd1 Rxd1+ 27. Qxd1 Qg6 28. g3 Nxf3+ 29. Qxf3 1-0

[Event "CZE-ch U12 Girls"]
[Site "Sec u Chrudimi"]
[Date "2008.03.15"]
[Round "9"]
[White "Nemcova, Eva"]
[Black "Vosahlova, Tereza"]
[Result "1-0"]
[WhiteElo "1000"]
[BlackElo "1100"]
[PlyCount "57"]
[EventDate "2008.03.08"]
[EventType "swiss"]
[EventRounds "9"]
[EventCountry "CZE"]
[SourceTitle "EXT 2009"]
[Source "ChessBase"]
[SourceDate "2008.11.26"]
[SourceVersion "1"]
[SourceVersionDate "2008.11.26"]
[SourceQuality "1"]

1. e4 e5 2. Nf3 Nc6 3. Bc4 Nf6 4. Nc3 Bb4 5. Nd5 Bc5 6. d3 Ng4 7. Bg5 f6 8. Be3 Bb4+ 9. Nxb4 Nxb4 10. c3 Nc6 11. 0-0 Na5 12. Bb5 0-0 13. h3 c6 14. Ba4 Nxe3 15. fxe3 b5 16. Bb3+ Nxb3 17. Qxb3+ Rf7 18. Nh4 d5 19. Rf3 dxe4 20. dxe4 f5 21. Nxf5 g6 22. Nh6+ Kg7 23. Nxf7 Qe7 24. Raf1 Be6 25. Qd1 Bxa2 26. Nd6 Qg5 27. Qa1 Be6 28. Qa6 Bxh3 29. Rxh3 1-0